<?xml version="1.0" encoding="UTF-8"?>
<collection xmlns="http://www.loc.gov/MARC21/slim">
 <record>
  <leader>01113naa a2200217 i 4500</leader>
  <controlfield tag="001">acta84610</controlfield>
  <controlfield tag="005">20240307101843.0</controlfield>
  <controlfield tag="008">240307s2019    hu      o     1||   hun d</controlfield>
  <datafield tag="020" ind1=" " ind2=" ">
   <subfield code="a">978-615-5946-14-1</subfield>
  </datafield>
  <datafield tag="040" ind1=" " ind2=" ">
   <subfield code="a">SZTE Egyetemi Kiadványok Repozitórium</subfield>
   <subfield code="b">hun</subfield>
  </datafield>
  <datafield tag="041" ind1=" " ind2=" ">
   <subfield code="a">hun</subfield>
  </datafield>
  <datafield tag="100" ind1="1" ind2=" ">
   <subfield code="a">Újvári Edit</subfield>
  </datafield>
  <datafield tag="245" ind1="1" ind2="2">
   <subfield code="a">A kreativitás és a szociális kompetenciák jelentősége a közösségszervezési tapasztalatok tükrében</subfield>
   <subfield code="h">[elektronikus dokumentum] /</subfield>
   <subfield code="c"> Újvári Edit</subfield>
  </datafield>
  <datafield tag="260" ind1=" " ind2=" ">
   <subfield code="a">Juhász Gyula Felsőoktatási Kiadó</subfield>
   <subfield code="b">Szeged</subfield>
   <subfield code="c">2019</subfield>
  </datafield>
  <datafield tag="300" ind1=" " ind2=" ">
   <subfield code="a">101-106</subfield>
  </datafield>
  <datafield tag="490" ind1="0" ind2=" ">
   <subfield code="a">A nem kognitív készségek fejlesztése a munkaerőpiaci igények tükrében : tanulmánykötet</subfield>
  </datafield>
  <datafield tag="650" ind1=" " ind2="4">
   <subfield code="a">Társadalomtudományok</subfield>
  </datafield>
  <datafield tag="650" ind1=" " ind2="4">
   <subfield code="a">Oktatástudomány</subfield>
  </datafield>
  <datafield tag="695" ind1=" " ind2=" ">
   <subfield code="a">Kreativitás, Képességfejlesztés</subfield>
  </datafield>
  <datafield tag="711" ind1=" " ind2=" ">
   <subfield code="a">A nem kognitív készségek fejlesztése a munkaerőpiaci igények tükrében = Development of non-cognitive skills in the light of labour market needs</subfield>
   <subfield code="c">Szeged</subfield>
   <subfield code="d">2018. november 22.</subfield>
  </datafield>
  <datafield tag="856" ind1="4" ind2="0">
   <subfield code="u">http://acta.bibl.u-szeged.hu/84610/1/nem_kognitiv_keszsegek_fejlesztese_tanulmanykotet_2019_101-106.pdf</subfield>
   <subfield code="z">Dokumentum-elérés </subfield>
  </datafield>
 </record>
</collection>
